[Event "C.to Provinciale GE"]
[Site "Genova ITA"]
[Date "2015.02.19"]
[Round "6"]
[White "Virgilio, Gianluca"]
[Black "Mortola, Alberto"]
[WhiteElo "1823"]
[BlackElo "1984"]
[Result "0-1"]
[PlyCount "74"]
[EventDate "2015.01.15"]

1. d4 b5 2. Nf3 Bb7 3. e3 a6 4. Bd3 Nf6 5. Nbd2 e6 6. O-O c5 7. c3 Nc6 8. e4
cxd4 9. cxd4 Be7 10. Nb3 O-O 11. Nc5 Bc8 12. h3 Nxd4 13. Nxd4 Bxc5 14. Be3 Qb6
15. Re1 Bxd4 16. Bxd4 Qxd4 17. e5 g6 18. exf6 Qxf6 19. Be4 d5 20. Bf3 Bb7 21.
Qd2 Rfc8 22. Rec1 Rxc1+ 23. Rxc1 Rc8 24. Ra1 Qe7 25. a4 b4 26. a5 Qc5 27. Ra4
Qc1+ 28. Qxc1 Rxc1+ 29. Kh2 Rc4 30. Be2 Rd4 31. Kg3 e5 32. Kf3 f5 33. b3 Kf7
34. Ra2 Ke6 35. Rc2 Kd6 36. g3 Rd2 37. Rc1 d4+ 0-1

[Event "C.to Provinciale BS"]
[Site "Ghedi ITA"]
[Date "2015.01.24"]
[Round "1"]
[White "Agnelli, Francesco"]
[Black "Avanzini, Angelo"]
[WhiteElo "2020"]
[BlackElo "1529"]
[Result "1-0"]
[PlyCount "85"]
[EventDate "2015.01.24"]

1. e4 c5 2. Nf3 Nc6 3. d4 cxd4 4. Nxd4 g6 5. Nb3 Bg7 6. Nc3 Nf6 7. Be3 O-O 8.
Be2 a6 9. Qd2 Re8 10. h4 d6 11. h5 Ne5 12. hxg6 fxg6 13. Bh6 Neg4 14. Bxg7 Kxg7
15. f3 Ne5 16. Qh6+ Kf7 17. O-O-O Rg8 18. Qg5 h5 19. f4 Neg4 20. Bc4+ e6 21. e5
Nh7 22. Qxd8 Rxd8 23. Rxd6 Rxd6 24. exd6 Nhf6 25. Re1 b5 26. Bf1 Nd7 27. Ne4
Ndf6 28. Ng5+ Ke8 29. Nc5 Ra7 30. Bd3 Rg7 31. Ngxe6 Bxe6 32. Nxe6 Ra7 33. Nc5+
Kf7 34. a4 Nf2 35. Bf1 bxa4 36. Bxa6 Rxa6 37. Nxa6 N2e4 38. Rd1 Ke6 39. Nc7+
Kd7 40. Nb5 Ne8 41. Rd4 N8xd6 42. Nxd6 Nxd6 43. Rxa4 1-0

[Event "C.to Provinciale BS"]
[Site "Ghedi ITA"]
[Date "2015.01.24"]
[Round "1"]
[White "Andreis, Stefano"]
[Black "Geroldi, Alberto"]
[WhiteElo "1873"]
[BlackElo "1482"]
[Result "1-0"]
[PlyCount "37"]
[EventDate "2015.01.24"]

1. e4 d6 2. d4 Nf6 3. Nc3 g6 4. f4 Bg7 5. Nf3 c5 6. Bb5+ Bd7 7. e5 Ng4 8. e6
Bxb5 9. exf7+ Kf8 10. Nxb5 Qa5+ 11. Nc3 Nh6 12. O-O Nc6 13. d5 Nd4 14. Ne4 Nxf7
15. c3 Nf5 16. g4 N5h6 17. Nfg5 Nxg5 18. fxg5+ Nf7 19. Qf3 1-0

[Event "C.to Provinciale BS"]
[Site "Ghedi ITA"]
[Date "2015.01.24"]
[Round "1"]
[White "Brugaletta, Alessandro"]
[Black "Frugoni, Giulio"]
[WhiteElo "1392"]
[BlackElo "1573"]
[Result "1-0"]
[PlyCount "45"]
[EventDate "2015.01.24"]

1. c4 e5 2. Nc3 Nf6 3. Nf3 e4 4. Ng1 Bc5 5. d3 Bxf2+ 6. Kxf2 Ng4+ 7. Ke1 Qf6 8.
Nxe4 Qf5 9. Nf3 Nc6 10. h3 Nge5 11. Qd2 Nxf3+ 12. exf3 O-O 13. Qg5 Qe6 14. Qg3
f5 15. Be2 fxe4 16. fxe4 Nd4 17. Rf1 Nc2+ 18. Kd2 Nxa1 19. Rxf8+ Kxf8 20. b3
Qa6 21. Bb2 Qxa2 22. Qxg7+ Ke8 23. Bh5+ 1-0

[Event "C.to Provinciale BS"]
[Site "Ghedi ITA"]
[Date "2015.01.24"]
[Round "1"]
[White "Campana, Andrea"]
[Black "Domenighini, Alessandro"]
[WhiteElo "1437"]
[BlackElo "1721"]
[Result "0-1"]
[PlyCount "92"]
[EventDate "2015.01.24"]

1. d4 d5 2. c4 e6 3. Nc3 Nf6 4. Bg5 Be7 5. e3 Nbd7 6. Nf3 h6 7. Bh4 a6 8. cxd5
exd5 9. Bd3 O-O 10. O-O c6 11. Rc1 Re8 12. Re1 Ne4 13. Bxe7 Rxe7 14. Qc2 Ndf6
15. Ne5 Nxc3 16. Qxc3 Be6 17. h3 Re8 18. Qc5 Ne4 19. Bxe4 dxe4 20. a4 Qh4 21.
Qd6 Rac8 22. Rc3 a5 23. Rc5 Red8 24. Ng6 Qf6 25. Ne7+ Kh7 26. Nxc8 Rxd6 27.
Nxd6 Qe7 28. Nxe4 Bd5 29. Ng3 b6 30. Rc3 Qb4 31. e4 Qxb2 32. Rec1 Bb3 33. Rxc6
Qxd4 34. Rb1 Qxa4 35. Rxb6 Be6 36. Rb8 Qc2 37. f3 a4 38. R8b2 Qc5+ 39. Rf2 a3
40. Nh5 Qxh5 41. Rb8 a2 42. Ra8 Qc5 43. Ra4 Qe3 44. Ra5 Qd4 45. Ra3 a1=Q+ 46.
Rxa1 Qxa1+ 0-1

[Event "C.to Provinciale BS"]
[Site "Ghedi ITA"]
[Date "2015.01.24"]
[Round "1"]
[White "Fortuna, Armando"]
[Black "Pesci, Silvio"]
[WhiteElo "1624"]
[BlackElo "1407"]
[Result "1-0"]
[PlyCount "61"]
[EventDate "2015.01.24"]

1. e4 e5 2. d4 exd4 3. Qxd4 Nc6 4. Qe3 d6 5. Nc3 Nf6 6. Bc4 Be6 7. Bxe6 fxe6 8.
Bd2 Be7 9. O-O-O O-O 10. f3 e5 11. Nh3 h6 12. Kb1 Qd7 13. g4 Nh7 14. Nd5 Bg5
15. Nxg5 Nxg5 16. Rhf1 Nd4 17. f4 Nge6 18. f5 Nf4 19. Nxf4 Qa4 20. Qd3 exf4 21.
Bxf4 Nc6 22. h4 Ne5 23. Qd5+ Kh8 24. Bxe5 dxe5 25. g5 c6 26. Qe6 h5 27. Qg6
Qxe4 28. Qxh5+ Kg8 29. g6 Rfd8 30. Qh7+ Kf8 31. Qh8+ 1-0

[Event "C.to Provinciale BS"]
[Site "Ghedi ITA"]
[Date "2015.01.24"]
[Round "1"]
[White "Lumachi, Gabriele"]
[Black "Onger, Nicola"]
[WhiteElo "1443"]
[BlackElo "1801"]
[Result "0-1"]
[PlyCount "66"]
[EventDate "2015.01.24"]

1. c4 c6 2. e3 d5 3. d4 Nf6 4. Nc3 Bf5 5. h3 e6 6. Nf3 Nbd7 7. cxd5 cxd5 8. Bd3
Bxd3 9. Qxd3 Rc8 10. O-O Qb6 11. Qb5 a6 12. Qxb6 Nxb6 13. a3 Bd6 14. Rd1 Ke7
15. Kf1 Rc7 16. Rd3 Rhc8 17. Nd2 Kd7 18. Ke1 Ne4 19. Ndxe4 dxe4 20. Rd1 f5 21.
Bd2 Nc4 22. Rab1 b5 23. Rdc1 Nxb2 24. Rxb2 Bxa3 25. Rbc2 b4 26. Na4 Rxc2 27.
Rxc2 Rxc2 28. Nc5+ Rxc5 29. dxc5 Kc6 30. Kd1 Kxc5 31. Kc2 Kc4 32. Be1 b3+ 33.
Kb1 Bb4 0-1

[Event "C.to Provinciale BS"]
[Site "Ghedi ITA"]
[Date "2015.01.24"]
[Round "1"]
[White "Rrasa, Elvan"]
[Black "Peloni, Davide"]
[WhiteElo "1718"]
[BlackElo "1416"]
[Result "1-0"]
[PlyCount "86"]
[EventDate "2015.01.24"]

1. d4 d5 2. Bf4 Nc6 3. e3 a6 4. c4 Nf6 5. Nc3 e6 6. a3 Be7 7. c5 O-O 8. Bd3 Nd7
9. b4 e5 10. dxe5 Ndxe5 11. Bxe5 Nxe5 12. Nxd5 Kh8 13. Be4 f5 14. Bf3 Bf6 15.
Nxf6 Qxf6 16. Ra2 Be6 17. Rd2 Nc4 18. Rd4 Rad8 19. Ne2 b5 20. O-O Nxa3 21. Qc1
Nc4 22. Rfd1 Ne5 23. Bb7 Bc4 24. Rxd8 Rxd8 25. Rxd8+ Qxd8 26. Nd4 Nd3 27. Qd2
Qf6 28. g3 f4 29. gxf4 Qg6+ 30. Bg2 Bd5 31. f3 h5 32. f5 Qg5 33. Qxd3 h4 34. h3
Qg3 35. Qe2 Bc4 36. Qf2 Qg5 37. Ne6 Qxf5 38. Qxh4+ Kg8 39. Qd8+ Kh7 40. Nf8+
Kh8 41. e4 Qf7 42. Ne6+ Qg8 43. Qxg8+ Kxg8 1-0

[Event "C.to Provinciale BS"]
[Site "Ghedi ITA"]
[Date "2015.01.24"]
[Round "1"]
[White "Testa, Italo"]
[Black "Poletti, Fausto"]
[WhiteElo "1491"]
[BlackElo "1928"]
[Result "0-1"]
[PlyCount "60"]
[EventDate "2015.01.24"]

1. e4 c5 2. Nc3 Nc6 3. Nf3 g6 4. Bc4 Bg7 5. a3 a6 6. d3 e6 7. Bd2 Nge7 8. Qc1
O-O 9. Bh6 f5 10. Bxg7 Kxg7 11. h4 h6 12. Qe3 b6 13. g3 Bb7 14. O-O-O d5 15. h5
d4 16. Qd2 dxc3 17. Qxc3+ Nd4 18. hxg6 Nxg6 19. Bxe6 fxe4 20. dxe4 Rxf3 21. Qe1
Qg5+ 22. Kb1 Re8 23. Ba2 Bxe4 24. Qf1 Bxc2+ 25. Ka1 Bxd1 26. Qxd1 Rxf2 27. Qa4
Qd2 28. Qd7+ Re7 29. Qxd4+ Qxd4 30. Rb1 Re1 0-1

[Event "C.to Provinciale BS"]
[Site "Ghedi ITA"]
[Date "2015.01.24"]
[Round "1"]
[White "Urbani, Gabriel"]
[Black "Conti, Ferdinando"]
[WhiteElo "1416"]
[BlackElo "1679"]
[Result "0-1"]
[PlyCount "84"]
[EventDate "2015.01.24"]

1. e4 c5 2. Bc4 e6 3. Nc3 a6 4. Nf3 b5 5. Be2 Bb7 6. d3 Nc6 7. Bf4 d6 8. e5
dxe5 9. Bxe5 Nxe5 10. Nxe5 Bxg2 11. Rg1 Qf6 12. Nf3 Bxf3 13. Bxf3 Rc8 14. Ne4
Qxb2 15. a4 b4 16. Ng3 Qc3+ 17. Ke2 Nf6 18. Qd2 Qe5+ 19. Be4 Nxe4 20. dxe4 Rd8
21. Qe3 Be7 22. Rad1 O-O 23. h3 Bg5 24. Qf3 Qb2 25. Qb3 Qxb3 26. cxb3 Bf6 27.
Nh5 Bc3 28. Rxd8 Rxd8 29. Ke3 g6 30. f4 Kf8 31. Rf1 gxh5 32. f5 Bd2+ 33. Ke2
Bc3 34. fxe6 f6 35. Ke3 Ke7 36. Kf3 Rd3+ 37. Kg2 Kxe6 38. Rf4 Be5 39. Rh4 Rxb3
40. Rxh5 Ra3 41. Rxh7 Rxa4 42. Rh8 b3 0-1

[Event "C.to Provinciale BS"]
[Site "Ghedi ITA"]
[Date "2015.01.25"]
[Round "2"]
[White "Avanzini, Angelo"]
[Black "Ricci, Davide"]
[WhiteElo "1529"]
[BlackElo "1527"]
[Result "1/2-1/2"]
[PlyCount "120"]
[EventDate "2015.01.24"]

1. d4 d5 2. Nf3 Nf6 3. Nbd2 e6 4. e3 c5 5. c4 Nc6 6. Be2 Qb6 7. cxd5 exd5 8.
dxc5 Bxc5 9. Nb3 Bb4+ 10. Bd2 Ne4 11. O-O Nxd2 12. Nbxd2 Bf5 13. a3 Bd6 14. b4
a6 15. Nb3 Be6 16. Nbd4 Nxd4 17. Nxd4 Be5 18. Rc1 Bxd4 19. exd4 O-O 20. Bf3 Qd6
21. Qb3 Rfd8 22. Rc3 Rac8 23. Rfc1 Rxc3 24. Rxc3 Qf4 25. Qd1 Qd6 26. Qc1 Bd7
27. Rc5 Bc6 28. Rc3 Bb5 29. Re3 Qb6 30. Qc5 Qd6 31. Rc3 h6 32. Qxd6 Rxd6 33.
Rc8+ Kh7 34. Rc7 Rc6 35. Rxc6 bxc6 36. Bd1 Kg6 37. f3 Kf5 38. Kf2 g5 39. Kg3
Kg6 40. Bc2+ Kf6 41. Kg4 Kg7 42. Kf5 Bf1 43. g3 Be2 44. f4 gxf4 45. Kxf4 Kf6
46. g4 Bb5 47. h4 Bc4 48. g5+ hxg5+ 49. hxg5+ Ke7 50. Ke5 Bb5 51. Bf5 Be2 52.
Bc8 Bd3 53. a4 Kd8 54. Bf5 Bxf5 55. Kxf5 Ke8 56. Kf6 Kf8 57. g6 fxg6 58. Kxg6
Ke7 59. Kf5 Kd6 60. a5 Ke7 1/2-1/2

[Event "C.to Provinciale BS"]
[Site "Ghedi ITA"]
[Date "2015.01.25"]
[Round "2"]
[White "Brugaletta, Alessandro"]
[Black "Brugaletta, Giorgio"]
[WhiteElo "1392"]
[BlackElo "1737"]
[Result "1/2-1/2"]
[PlyCount "22"]
[EventDate "2015.01.24"]

1. c4 c5 2. Nc3 Nc6 3. Nf3 Nf6 4. g3 g6 5. Bg2 Bg7 6. O-O O-O 7. d3 d6 8. Nd2
Rb8 9. b3 e5 10. h3 Nd4 11. Nde4 Ne8 1/2-1/2

[Event "C.to Provinciale BS"]
[Site "Ghedi ITA"]
[Date "2015.01.25"]
[Round "2"]
[White "Conti, Ferdinando"]
[Black "Andreis, Stefano"]
[WhiteElo "1679"]
[BlackElo "1873"]
[Result "0-1"]
[PlyCount "100"]
[EventDate "2015.01.24"]

1. Nf3 d6 2. b4 Nf6 3. Bb2 g6 4. e3 Bg7 5. c4 O-O 6. Nc3 e5 7. d3 Nc6 8. b5 Ne7
9. Be2 Ne8 10. O-O f5 11. Qb3 Kh8 12. Rad1 Be6 13. Ng5 Bg8 14. Bf3 Rb8 15. g3
h6 16. Nh3 g5 17. g4 Nf6 18. Nd5 Nexd5 19. Bxd5 Nxd5 20. cxd5 fxg4 21. Nxg5
Qxg5 22. Bc1 Rf3 23. e4 Qh4 24. Rd2 Rbf8 25. Qc2 Rh3 26. f4 gxf3 27. Rdf2 Rf7
28. Be3 b6 29. Qd1 Bf8 30. Kh1 Be7 31. Rg1 Bg5 32. Qd2 Bxe3 33. Qxe3 Qf4 34.
Qe1 Rg7 35. Rxg7 Kxg7 36. Qg1+ Kh8 37. Rc2 Qf7 38. Qf1 Rh4 39. Qf2 Rf4 40. a4
Kg7 41. Rc1 Kf8 42. Rf1 Bh7 43. a5 Bg6 44. axb6 axb6 45. Ra1 Qd7 46. Qg1 Kg7
47. Rb1 Qg4 48. Qf1 f2 49. Rc1 Qf3+ 50. Qg2 f1=Q+ 0-1

[Event "C.to Provinciale BS"]
[Site "Ghedi ITA"]
[Date "2015.01.25"]
[Round "2"]
[White "Dieli, Alberto"]
[Black "Frugoni, Giulio"]
[WhiteElo "1935"]
[BlackElo "1573"]
[Result "1-0"]
[PlyCount "69"]
[EventDate "2015.01.24"]

1. e4 c5 2. Nf3 Nc6 3. d4 cxd4 4. Nxd4 Nf6 5. Nc3 d5 6. Bb5 Bd7 7. exd5 Nxd4 8.
Bxd7+ Qxd7 9. Qxd4 h6 10. O-O e6 11. Rd1 Rd8 12. Qxa7 Bd6 13. dxe6 Qxe6 14.
Qa4+ Nd7 15. Be3 O-O 16. Qe4 Qf6 17. Nd5 Qe5 18. Qxe5 Bxe5 19. c3 Nf6 20. Nxf6+
Bxf6 21. Kf1 Ra8 22. a3 Ra6 23. Rd7 Bg5 24. Bxg5 hxg5 25. Rxb7 Rfa8 26. Rd1
R8a7 27. Rd8+ Kh7 28. Rdd7 Rxb7 29. Rxb7 Kg6 30. c4 f5 31. c5 Ra4 32. c6 Rc4
33. c7 Kh5 34. Ke2 Kg4 35. Rb4 1-0

[Event "C.to Provinciale BS"]
[Site "Ghedi ITA"]
[Date "2015.01.25"]
[Round "2"]
[White "Domenighini, Alessandro"]
[Black "Agnelli, Francesco"]
[WhiteElo "1721"]
[BlackElo "2020"]
[Result "0-1"]
[PlyCount "114"]
[EventDate "2015.01.24"]

1. d4 Nf6 2. c4 g6 3. Nc3 Bg7 4. e4 d6 5. Nf3 O-O 6. Be2 Nbd7 7. h3 e5 8. d5 a5
9. Be3 Nc5 10. Bxc5 dxc5 11. O-O Nh5 12. Re1 Nf4 13. Bf1 g5 14. Ne2 Kh8 15. Ng3
g4 16. hxg4 Bxg4 17. Nf5 Qf6 18. Nxg7 Qxg7 19. Qb3 Rg8 20. g3 Ra6 21. Qc3 Bxf3
22. Qxf3 Rf6 23. Qc3 Qg5 24. Re3 Rh6 25. Bg2 Qh5 26. gxf4 Qh2+ 27. Kf1 Qxg2+
28. Ke2 Qg4+ 29. Rf3 f6 30. Re1 Rh3 31. Rd1 Rg6 32. Rdd3 exf4 33. e5 Rxf3 34.
Rxf3 Qf5 35. e6 c6 36. Rd3 h5 37. a4 b6 38. Kd2 cxd5 39. cxd5 Rg7 40. Qc4 Qe5
41. Qc3 Qf5 42. Kc2 f3 43. Kb3 Rg4 44. Kc2 c4 45. e7 cxd3+ 46. Qxd3 Qd7 47. d6
Qxa4+ 48. Kd2 Qd7 49. Qd5 Rg5 50. Qa8+ Rg8 51. Qd5 Kg7 52. Ke3 h4 53. Kxf3 h3
54. Kg3 h2 55. Kxh2 Rh8+ 56. Kg3 Qh3+ 57. Kf4 Rh4# 0-1

[Event "C.to Provinciale BS"]
[Site "Ghedi ITA"]
[Date "2015.01.25"]
[Round "2"]
[White "Geroldi, Alberto"]
[Black "Campana, Andrea"]
[WhiteElo "1482"]
[BlackElo "1437"]
[Result "1-0"]
[PlyCount "93"]
[EventDate "2015.01.24"]

1. e4 d6 2. d4 Nf6 3. Nc3 g6 4. f4 Bg7 5. Nf3 c5 6. Bb5+ Bd7 7. Bxd7+ Nfxd7 8.
d5 b5 9. Qe2 b4 10. Nd1 Nf6 11. c4 O-O 12. e5 Ng4 13. O-O dxe5 14. fxe5 e6 15.
d6 Nd7 16. Bf4 a5 17. Nf2 Nxf2 18. Qxf2 f6 19. Qe2 fxe5 20. Bg5 Bf6 21. Bh6 Bg7
22. Bxg7 Kxg7 23. Nxe5 Rf5 24. Rxf5 exf5 25. Re1 Nxe5 26. Qxe5+ Qf6 27. Qxc5
Qxb2 28. Qe5+ Qxe5 29. Rxe5 Ra7 30. c5 Rd7 31. Kf2 Kf7 32. Ke2 a4 33. Kd3 b3
34. axb3 a3 35. Re1 a2 36. Ra1 Ra7 37. Kc4 Ke6 38. b4 Ra4 39. Kb3 Ra6 40. Rxa2
Rxa2 41. Kxa2 f4 42. b5 g5 43. b6 g4 44. b7 f3 45. gxf3 gxf3 46. b8=Q f2 47.
Qf8 1-0

[Event "C.to Provinciale BS"]
[Site "Ghedi ITA"]
[Date "2015.01.25"]
[Round "2"]
[White "Onger, Nicola"]
[Black "Migliorati, Michele"]
[WhiteElo "1801"]
[BlackElo "1554"]
[Result "1-0"]
[PlyCount "31"]
[EventDate "2015.01.24"]

1. e4 e5 2. Nf3 Nc6 3. Bb5 a6 4. Ba4 Nf6 5. d3 Bc5 6. O-O d6 7. h3 O-O 8. Bg5
b5 9. Bb3 Be6 10. Nc3 h6 11. Bh4 g5 12. Nxg5 Nxe4 13. Ncxe4 hxg5 14. Bxg5 Ne7
15. Qh5 Bf5 16. Nf6+ 1-0

[Event "C.to Provinciale BS"]
[Site "Ghedi ITA"]
[Date "2015.01.25"]
[Round "2"]
[White "Peloni, Davide"]
[Black "Testa, Italo"]
[WhiteElo "1416"]
[BlackElo "1491"]
[Result "1/2-1/2"]
[PlyCount "52"]
[EventDate "2015.01.24"]

1. e4 c5 2. d4 cxd4 3. c3 dxc3 4. Nxc3 Nc6 5. Bc4 e6 6. Nf3 Bb4 7. Bd2 Nge7 8.
Qe2 a6 9. a3 Bc5 10. O-O O-O 11. Rfd1 b5 12. Ba2 Bb7 13. Bg5 Qc7 14. Rac1 Ba7
15. Bxe7 Nxe7 16. Nxb5 Qd8 17. Nxa7 Rxa7 18. Ne5 Ba8 19. f3 Qb6+ 20. Kh1 Nc6
21. Nxd7 Rxd7 22. Rxd7 Ne5 23. Rd2 Ng6 24. Bc4 a5 25. Rf1 Kh8 26. Qf2 Qb8
1/2-1/2

[Event "C.to Provinciale BS"]
[Site "Ghedi ITA"]
[Date "2015.01.25"]
[Round "2"]
[White "Pesci, Silvio"]
[Black "Lumachi, Gabriele"]
[WhiteElo "1407"]
[BlackElo "1443"]
[Result "1/2-1/2"]
[PlyCount "75"]
[EventDate "2015.01.24"]

1. e4 c5 2. Nc3 Nc6 3. Bb5 d6 4. f4 Bd7 5. Nf3 a6 6. Bxc6 Bxc6 7. O-O Nf6 8. d3
g6 9. Qe1 Bg7 10. e5 dxe5 11. fxe5 Nd5 12. Ng5 O-O 13. e6 f6 14. Nf7 Qb6 15.
Qh4 Nxc3 16. bxc3 Be8 17. Nh6+ Kh8 18. Qe4 f5 19. Qc4 Bb5 20. Rb1 Qa7 21. Qf4
Rf6 22. Re1 g5 23. Nf7+ Rxf7 24. Qxg5 Rf6 25. c4 Bc6 26. Re2 Rg8 27. Bb2 Rg6
28. Qxe7 Bxb2 29. Rxb2 Rxg2+ 30. Rxg2 Rxg2+ 31. Kf1 Qb8 32. Qf6+ Rg7 33. c3
Qf4+ 34. Rf2 Bg2+ 35. Ke2 Qg4+ 36. Ke1 Bf3 37. Qf8+ Rg8 38. Qf6+ 1/2-1/2

[Event "C.to Provinciale BS"]
[Site "Ghedi ITA"]
[Date "2015.01.25"]
[Round "2"]
[White "Poletti, Fausto"]
[Black "Fortuna, Armando"]
[WhiteElo "1928"]
[BlackElo "1624"]
[Result "1-0"]
[PlyCount "67"]
[EventDate "2015.01.24"]

1. c4 Nf6 2. Nc3 g6 3. g3 Bg7 4. Bg2 d6 5. d4 Nbd7 6. e4 O-O 7. Nge2 e5 8. O-O
exd4 9. Nxd4 Ne5 10. b3 Ne8 11. Rb1 c5 12. Nde2 a6 13. Be3 Be6 14. h3 Qd7 15.
f4 Nc6 16. Nd5 Bxh3 17. Nb6 Qd8 18. Nxa8 Bxg2 19. Kxg2 Qxa8 20. f5 b5 21. Nf4
gxf5 22. Nd5 fxe4 23. Qg4 Ne5 24. Qxe4 Qd8 25. Rf2 h5 26. Rh1 Ng4 27. Rxh5
Nxe3+ 28. Nxe3 f5 29. Qe6+ Rf7 30. Rhxf5 Nf6 31. Nd5 bxc4 32. Nxf6+ Bxf6 33.
Rxf6 Qa8+ 34. Kh2 1-0

[Event "C.to Provinciale BS"]
[Site "Ghedi ITA"]
[Date "2015.01.25"]
[Round "2"]
[White "Rrasa, Elvan"]
[Black "Burimi, Ilir"]
[WhiteElo "1718"]
[BlackElo "1931"]
[Result "0-1"]
[PlyCount "82"]
[EventDate "2015.01.24"]

1. e4 c5 2. Nf3 Nc6 3. d4 cxd4 4. Nxd4 e6 5. Nxc6 bxc6 6. c4 Nf6 7. Bd3 Bb4+ 8.
Bd2 Bxd2+ 9. Qxd2 d6 10. O-O O-O 11. Nc3 Qb6 12. b3 Bb7 13. Na4 Qd4 14. Qc3 c5
15. Qxd4 cxd4 16. Rfe1 Bc6 17. Nb2 a5 18. e5 dxe5 19. Rxe5 Nd7 20. Rh5 g6 21.
Rh4 e5 22. Be4 Bxe4 23. Rxe4 f5 24. Re2 e4 25. Rd1 d3 26. Re3 Nc5 27. f3 Rad8
28. fxe4 fxe4 29. Rd2 Kg7 30. Nd1 Kf6 31. Nc3 Ke5 32. Nb5 Rf7 33. Re1 Rb7 34.
Kf2 Rxb5 35. cxb5 Kd4 36. Rdd1 Rf8+ 37. Kg3 e3 38. Rf1 Ne4+ 39. Kg4 Nf2+ 40.
Rxf2 exf2 41. Rf1 Ke3 0-1

[Event "C.to Provinciale BS"]
[Site "Ghedi ITA"]
[Date "2015.01.25"]
[Round "3"]
[White "Agnelli, Francesco"]
[Black "Poletti, Fausto"]
[WhiteElo "2020"]
[BlackElo "1928"]
[Result "1-0"]
[PlyCount "90"]
[EventDate "2015.01.24"]

1. e4 c5 2. Nf3 Nc6 3. d4 cxd4 4. Nxd4 Nf6 5. Nc3 e5 6. Ndb5 d6 7. Bg5 a6 8.
Na3 b5 9. Nd5 Be7 10. Bxf6 Bxf6 11. c3 O-O 12. Nc2 Bg5 13. a4 bxa4 14. Rxa4 a5
15. Bc4 Rb8 16. b3 Kh8 17. h4 Bh6 18. g4 Bf4 19. Nce3 Bxe3 20. Nxe3 Ne7 21. h5
Be6 22. O-O Qb6 23. Qa1 Bxc4 24. bxc4 Qb7 25. f3 Qb6 26. Re1 Ra8 27. Kf2 Rfb8
28. Re2 h6 29. Rea2 Nc6 30. Ke2 Qc5 31. Qd1 Ne7 32. Rd2 Ra6 33. Rda2 Nc6 34.
Qd5 Qa7 35. Qd1 Qc5 36. Rd2 Ne7 37. Qg1 Rb3 38. g5 Rxc3 39. gxh6 gxh6 40. Raa2
Rb6 41. Rab2 Rcb3 42. Ra2 Rb8 43. Qf2 Rg8 44. Rac2 a4 45. Ng4 Qxc4+ 1-0

[Event "C.to Provinciale BS"]
[Site "Ghedi ITA"]
[Date "2015.01.25"]
[Round "3"]
[White "Andreis, Stefano"]
[Black "Brugaletta, Alessandro"]
[WhiteElo "1873"]
[BlackElo "1392"]
[Result "1-0"]
[PlyCount "44"]
[EventDate "2015.01.24"]

1. e4 e5 2. Nf3 Nc6 3. Bb5 d6 4. O-O a6 5. Ba4 Bg4 6. c3 Nf6 7. d3 b5 8. Bc2 d5
9. Nbd2 d4 10. Re1 Bd6 11. Nf1 O-O 12. h3 Be6 13. cxd4 Bb4 14. d5 Bxe1 15. Qxe1
Nxd5 16. exd5 Bxd5 17. N1h2 Re8 18. Qc3 Qd6 19. Be3 e4 20. dxe4 Bxe4 21. Rd1
Qe6 22. Bb3 Qe5 1-0

[Event "C.to Provinciale BS"]
[Site "Ghedi ITA"]
[Date "2015.01.25"]
[Round "3"]
[White "Brugaletta, Giorgio"]
[Black "Dieli, Alberto"]
[WhiteElo "1737"]
[BlackElo "1935"]
[Result "0-1"]
[PlyCount "94"]
[EventDate "2015.01.24"]

1. c4 Nf6 2. Nc3 g6 3. d4 Bg7 4. e4 d6 5. Nf3 O-O 6. Bd3 c5 7. d5 e6 8. O-O
exd5 9. exd5 a6 10. Rb1 Re8 11. h3 Nh5 12. Bd2 h6 13. a3 Nd7 14. Ne4 Ne5 15.
Nxe5 Rxe5 16. Bc3 Re8 17. Bxg7 Kxg7 18. Qf3 f5 19. Ng3 Nf6 20. Rfe1 b5 21. b3
Re5 22. Re3 Ra7 23. a4 Rae7 24. Rbe1 bxa4 25. bxa4 Bd7 26. Bc2 Qe8 27. Rxe5
Rxe5 28. Rxe5 Qxe5 29. Qe2 Qa1+ 30. Kh2 Qe5 31. Qxe5 dxe5 32. f3 Ne8 33. Kg1
Nd6 34. Bb3 Nb7 35. Ne2 Na5 36. Nc1 Kf6 37. Kf2 g5 38. Ke3 h5 39. Kd3 h4 40.
Bd1 Nb7 41. Nb3 Bxa4 42. Na5 Nxa5 43. Bxa4 Nb7 44. Bc6 Nd6 45. Ba4 e4+ 46. fxe4
fxe4+ 47. Ke3 Ke5 0-1

[Event "C.to Provinciale BS"]
[Site "Ghedi ITA"]
[Date "2015.01.25"]
[Round "3"]
[White "Burimi, Ilir"]
[Black "Onger, Nicola"]
[WhiteElo "1931"]
[BlackElo "1801"]
[Result "1-0"]
[PlyCount "43"]
[EventDate "2015.01.24"]

1. e4 e5 2. Nf3 Nc6 3. Bb5 a6 4. Ba4 Bc5 5. c3 b5 6. Bc2 d6 7. O-O Bg4 8. h3
Bh5 9. g4 Bg6 10. d4 Bb6 11. a4 h5 12. g5 Nge7 13. Qe2 O-O 14. d5 Na7 15. a5
Bxa5 16. Rxa5 c6 17. Rxa6 Qc8 18. Ra3 Qxh3 19. Nh2 Qh4 20. c4 f5 21. Rg3 f4 22.
Nf3 1-0

[Event "C.to Provinciale BS"]
[Site "Ghedi ITA"]
[Date "2015.01.25"]
[Round "3"]
[White "Fortuna, Armando"]
[Black "Geroldi, Alberto"]
[WhiteElo "1624"]
[BlackElo "1482"]
[Result "0-1"]
[PlyCount "78"]
[EventDate "2015.01.24"]

1. e4 d6 2. d4 Nf6 3. Nc3 g6 4. Be3 Bg7 5. f3 c6 6. Qd2 O-O 7. O-O-O Qa5 8. Bc4
Nbd7 9. Nge2 b5 10. Bb3 Bb7 11. Bh6 Qc7 12. Bxg7 Kxg7 13. g4 a5 14. g5 Nh5 15.
d5 a4 16. dxc6 axb3 17. cxb7 Rxa2 18. Nxa2 bxa2 19. Qd4+ Ne5 20. Qa7 a1=Q+ 21.
Qxa1 Qxb7 22. b3 Ra8 23. Qb2 Kg8 24. Rhf1 Qb6 25. Nd4 Nf4 26. Kd2 b4 27. Ke3
Ne6 28. h3 Nc6 29. f4 Nexd4 30. Rxd4 e5 31. fxe5 dxe5 32. Rf6 exd4+ 33. Kf3 Qb5
34. Qc1 Ne5+ 35. Kg3 Rc8 36. Qd2 Rc3+ 37. Kh2 Nf3+ 38. Rxf3 Rxf3 39. Kg2 Qf1+
0-1

[Event "C.to Provinciale BS"]
[Site "Ghedi ITA"]
[Date "2015.01.25"]
[Round "3"]
[White "Frugoni, Giulio"]
[Black "Urbani, Gabriel"]
[WhiteElo "1573"]
[BlackElo "1416"]
[Result "1-0"]
[PlyCount "51"]
[EventDate "2015.01.24"]

1. e4 c5 2. Nf3 Nc6 3. Bc4 b6 4. Ng5 e6 5. d3 d5 6. Bb5 Bb7 7. O-O Be7 8. f4 e5
9. Nc3 exf4 10. exd5 Rc8 11. Nge4 Nf6 12. dxc6 Bxc6 13. Bxc6+ Rxc6 14. Rxf4
Nxe4 15. Rxe4 c4 16. Qf3 O-O 17. Be3 Bc5 18. d4 Bb4 19. Rf1 f5 20. Re5 g6 21.
Qxc6 Bxc3 22. bxc3 Qh4 23. Qd5+ Kg7 24. Re6 Rd8 25. Qe5+ Kf7 26. g3 1-0

[Event "C.to Provinciale BS"]
[Site "Ghedi ITA"]
[Date "2015.01.25"]
[Round "3"]
[White "Lumachi, Gabriele"]
[Black "Peloni, Davide"]
[WhiteElo "1443"]
[BlackElo "1416"]
[Result "1/2-1/2"]
[PlyCount "54"]
[EventDate "2015.01.24"]

1. c4 e5 2. e3 Nc6 3. g3 f5 4. Bg2 Nf6 5. Ne2 d6 6. O-O Be7 7. d4 e4 8. Nbc3
O-O 9. Bd2 Nb4 10. Nc1 c6 11. a3 Na6 12. N1e2 Be6 13. b3 Qb6 14. Na4 Qc7 15.
Rc1 d5 16. c5 b5 17. Nb2 Qb7 18. b4 Nc7 19. Nf4 Bf7 20. Re1 Rad8 21. Ra1 a6 22.
Bf1 g6 23. Ra2 Nce8 24. a4 Nc7 25. Qc2 Rfe8 26. Rea1 Ra8 27. axb5 axb5 1/2-1/2

[Event "C.to Provinciale BS"]
[Site "Ghedi ITA"]
[Date "2015.01.25"]
[Round "3"]
[White "Migliorati, Michele"]
[Black "Domenighini, Alessandro"]
[WhiteElo "1554"]
[BlackElo "1721"]
[Result "0-1"]
[PlyCount "62"]
[EventDate "2015.01.24"]

1. e4 g6 2. d4 Bg7 3. c4 d6 4. Nc3 Nf6 5. Bg5 Nbd7 6. f3 c6 7. Qd2 Qa5 8. Bh6
Bxh6 9. Qxh6 Nb6 10. O-O-O Be6 11. d5 cxd5 12. cxd5 Bd7 13. Kb1 Rc8 14. Rc1 Na4
15. Nge2 b5 16. g4 Nxc3+ 17. Rxc3 Rxc3 18. Nxc3 b4 19. Ne2 Qc5 20. Qg7 Rg8 21.
Qh6 g5 22. Qh3 h5 23. Qg2 hxg4 24. f4 gxf4 25. Nxf4 Qe3 26. Nd3 Nxe4 27. h4
Nd2+ 28. Ka1 Bf5 29. Qe2 Nxf1 30. Qc2 Qxd3 31. Qc6+ Kf8 0-1

[Event "C.to Provinciale BS"]
[Site "Ghedi ITA"]
[Date "2015.01.25"]
[Round "3"]
[White "Peli, Jordan"]
[Black "Conti, Ferdinando"]
[WhiteElo "1518"]
[BlackElo "1679"]
[Result "1-0"]
[PlyCount "49"]
[EventDate "2015.01.24"]

1. e4 c5 2. c3 d5 3. exd5 Qxd5 4. Nf3 Bg4 5. Be2 Nf6 6. Na3 a6 7. Nc2 e6 8. Ne3
Qd8 9. Nxg4 Nxg4 10. h3 Nf6 11. d4 Be7 12. Bg5 Qc7 13. Bd3 O-O 14. Qc2 h6 15.
Bxf6 Bxf6 16. dxc5 Qxc5 17. g4 Qe7 18. h4 g6 19. g5 hxg5 20. hxg5 Bxg5 21. Bxg6
f5 22. Rg1 Bh6 23. Bxf5+ Bg7 24. Bh7+ Kf7 25. Qg6# 1-0